[Event "Viljandi Valgmae Memorial"]
[Site "Viljandi"]
[Date "2023.07.01"]
[Round "5"]
[White "Luukkonen, Tommi"]
[Black "Miezis, Normunds"]
[Result "0-1"]
[WhiteElo "2279"]
[BlackElo "2420"]
[PlyCount "58"]
[EventDate "2023.07.01"]
[EventType "swiss (rapid)"]
[EventRounds "9"]
[EventCountry "EST"]
[SourceTitle "CBM 215 Extra"]
[Source "ChessBase"]
[SourceDate "2023.09.30"]
[SourceVersion "1"]
[SourceVersionDate "2023.09.30"]
[SourceQuality "1"]

1. e4 c5 2. d4 cxd4 3. Qxd4 Nc6 4. Qd3 Nf6 5. Nc3 e6 6. Bf4 a6 7. 0-0-0 Qa5 8. Kb1 Be7 9. Bd2 Qc7 10. f4 d6 11. Qg3 0-0 12. Bd3 b5 13. Nf3 b4 14. Na4 e5 15. f5 Rd8 16. Ng5 Nd4 17. Bxb4 Rb8 18. Qe1 Qc6 19. b3 a5 20. Bxa5 Qxa4 21. Bxd8 Bxd8 22. Qc3 Qa7 23. Bc4 d5 24. exd5 Bxf5 25. Rc1 Ba5 26. Qg3 h6 27. h4 Qc5 28. Ka1 hxg5 29. hxg5 Ne4 0-1

[Event "Tallinn Leito Memorial"]
[Site "Tallinn"]
[Date "2023.02.04"]
[Round "4"]
[White "Timoshin, Andrei"]
[Black "Miezis, Normunds"]
[Result "0-1"]
[WhiteElo "2250"]
[BlackElo "2427"]
[PlyCount "109"]
[EventDate "2023.02.04"]
[EventType "swiss (rapid)"]
[EventRounds "9"]
[EventCountry "EST"]
[SourceTitle "CBM 212 Extra"]
[Source "ChessBase"]
[SourceDate "2023.03.31"]
[SourceVersion "1"]
[SourceVersionDate "2023.03.31"]
[SourceQuality "1"]

1. e4 c5 2. Nf3 e6 3. d4 cxd4 4. Nxd4 a6 5. Nc3 Qc7 6. g3 Bb4 7. Nde2 Nf6 8. Bg2 d6 9. 0-0 Nc6 10. h3 Bc5 11. Bf4 Ne5 12. g4 b5 13. a3 Bb7 14. Ng3 h6 15. Qe2 g5 16. Be3 Rc8 17. Kh1 Bxe3 18. Qxe3 Qc5 19. Qxc5 dxc5 20. f4 gxf4 21. Rxf4 Nfd7 22. Kg1 Ke7 23. Raf1 b4 24. Nd1 a5 25. Ne3 Ba6 26. R1f2 bxa3 27. bxa3 Rb8 28. Bf1 Rb1 29. Kg2 Bxf1+ 30. Rxf1 Rhb8 31. Ne2 R1b2 32. Nc3 R8b3 33. Ncd1 Ra2 34. a4 Rb4 35. R1f2 Raxa4 36. c3 Rxe4 37. Rxe4 Rxe4 38. Nc2 Nd3 39. Rd2 N7e5 40. Nf2 Nxf2 41. Kxf2 Ra4 42. Re2 f6 43. Ne3 Ra3 44. Rc2 Ra1 45. Kg3 a4 46. Rb2 Rc1 47. Rb7+ Kd8 48. Kf4 Rxc3 49. Ra7 a3 50. h4 Nd3+ 51. Ke4 Nb4 52. h5 a2 53. Ng2 Rc4+ 54. Kf3 Rc1 55. Nf4 0-1